[Event "COL-ch sf3 U12"]
[Site "Choconta"]
[Date "2018.04.06"]
[Round "2.2"]
[White "Garzon Ladino, Juan Alexander"]
[Black "Mora Munoz, Alejandro"]
[Result "1/2-1/2"]
[WhiteElo "1545"]
[BlackElo "1365"]
[PlyCount "32"]
[EventDate "2018.04.05"]
[EventType "swiss"]
[EventRounds "6"]
[EventCountry "COL"]
[SourceTitle "EXT 2024"]
[Source "ChessBase"]
[SourceDate "2023.10.10"]
[SourceVersion "1"]
[SourceVersionDate "2023.10.10"]
[SourceQuality "1"]

1. e4 e5 2. Nf3 Nc6 3. Nc3 Nf6 4. Bc4 Bc5 5. d3 d6 6. Be3 Bb6 7. Qd2 Be6 8. Bb3 Qd7 9. 0-0-0 0-0-0 10. Ne1 d5 11. Bg5 Ng4 12. Bxd8 Nxf2 13. exd5 Bxd5 14. Nxd5 Nxd1 15. Nxb6+ axb6 16. Qxd1 Rxd8 1/2-1/2